000 01128cam a2200277 a 4500
999 _c7109
_d7109
001 16762267
003 GBCCL
005 20241126110620.0
008 110504s2011 miu b 000 0 eng
010 _a 2011017867
020 _a9780825424595
040 _aDLC
_cDLC
_dDLC
042 _apcc
050 0 0 _aBV600.3
_b.E395 2011
082 0 0 _a262.0017
_223
_bEDW
100 1 _aEdwards, Tyler,
_d1984-
_912608
245 1 0 _aZombie church :
_bbreathing life back into the body of Christ /
_cTyler Edwards.
260 _aGrand Rapids, MI :
_bKregel Publications,
_cc2011.
300 _a223 p. ;
_c22 cm.
504 _aIncludes bibliographical references (p. 213-221).
505 0 _aWarning signs -- Infected -- The transformation process -- The symptoms -- The undead heart -- Lost soul -- The rotten mind -- Zombie strength -- The disease spreads -- Zombie community -- Awakening the undead -- Searching for the cure.
650 0 _aChurch renewal.
_9963
906 _a7
_bcbc
_corignew
_d1
_eecip
_f20
_gy-gencatlg
942 _2ddc
_cBK
_016